00925pam a2200277 a 4500001000800000005001700008008004100025010001700066020003700083040001800120041000800138080001800146082002200164100000700186101000800193240003400201245008900235246003600324504005400360740002900414740001300443906004500456942001200501999001700513952011700530395934520171227043717.0940317s1994 nyuaf bd 000 0 eng  a 94011000  a0826406440 (hardcover) :c$39.50 aDLCcDLCdDLC1 aeng a302.22203 BEC00a302.22203 BEC2201 a23 aENC10aLexikon der Symbole.lEnglish14aThe Continuum encyclopedia of symbols /cUdo Becker ; translated by Lance W. Garmer.18aElement encyclopedia of symbols aIncludes bibliographical references (p. 344-345).0 aEncyclopedia of symbols.0 aSymbols. a7bcbccorignewd1eocipf19gy-gencatlg 2ddccBK c39469d39469 00102udc40708PËKGa002b002cPËKGd2017-12-27l0o302.22203 BECp002-2994039r2017-12-27w2017-12-27yBK